| 000 | 01073 a2200217 4500 | ||
|---|---|---|---|
| 005 | 2008082601131.0 | ||
| 008 | 080826t xxu||||| |||| 00| 0 hin d | ||
| 010 | _aHIN-83076 | ||
| 020 |
_c160.00 _a8181871359 |
||
| 035 | _aHN-55422 | ||
| 037 | _bपु.प्र.अ.प्र / प्रका | ||
| 082 | _a824 | ||
| 100 | _aपरिहार, श्रीराम | ||
| 245 |
_aहंसा कहो पुरातन बातः(ललित निबंध) / _cश्रीराम परिहार |
||
| 246 |
_aHansa Kaho Puratan Bat _bby Shri Ram Prihaar |
||
| 260 |
_aदिल्ली _bआलेख प्रकाशन _c2006 |
||
| 270 |
_aवी-8, नवीन शाहदरा _bदिल्ली _e110032 _malekhprakashan@rediffmail.com |
||
| 300 |
_a128पृ _c22 सेमी (सजिल्द) |
||
| 942 |
_adpl _cHN _k824 / परिहा _2ddc _h824 _mपरिहा |
||
| 999 |
_c11610 _d11610 |
||